000 00273nam a22001217a 4500
008 171213b xxu||||| |||| 00| 0 eng d
041 _aeng
080 _28 ED
_a616.8
100 _a7
101 _aNEU
245 _aPRINCIPLES OF NEUROLOGY
_cROPPER.A.H
942 _2udc
_cBK
999 _c38875
_d38875